[Event "XIe open de Saint-Chély d'Aubrac"]
[Site "Saint-Chely d'Aubrac"]
[Date "2011.07.09"]
[Round "1.1"]
[White "Cornette, Matthieu"]
[Black "Meyer, Eric"]
[Result "1-0"]
[WhiteElo "2568"]
[BlackElo "1708"]
[PlyCount "63"]
[EventDate "2011.??.??"]

1. e4 d6 2. d4 Nf6 3. Nc3 g6 4. Bg5 Bg7 5. e5 dxe5 6. dxe5 Qxd1+ 7. Rxd1 Ne4 8.
Nxe4 Bxe5 9. c3 Nc6 10. Nf3 Bg7 11. Bb5 O-O 12. O-O Bg4 13. Bxc6 bxc6 14. Bxe7
Rfe8 15. Nf6+ Bxf6 16. Bxf6 c5 17. Rd2 h6 18. Rfd1 Kh7 19. Rd8 Raxd8 20. Rxd8
Rxd8 21. Bxd8 Bxf3 22. gxf3 c6 23. c4 Kg7 24. Be7 a6 25. f4 f5 26. Kg2 Kf7 27.
Bxc5 Ke6 28. Bf8 h5 29. Kg3 Kf7 30. Bc5 Kf6 31. Kh4 Ke6 32. Kg5 1-0

[Event "XIe open de Saint-Chély d'Aubrac"]
[Site "Saint-Chely d'Aubrac"]
[Date "2011.07.09"]
[Round "1.2"]
[White "Tassetti, Florent"]
[Black "Riff, Jean-Noel"]
[Result "0-1"]
[WhiteElo "1692"]
[BlackElo "2493"]
[PlyCount "72"]

1. d4 Nf6 2. c4 e6 3. Nf3 Bb4+ 4. Bd2 Qe7 5. g3 Nc6 6. Bg2 Bxd2+ 7. Nbxd2 a5 8.
O-O O-O 9. e4 e5 10. dxe5 Nxe5 11. Qc2 d6 12. c5 Nxf3+ 13. Bxf3 dxc5 14. Rfe1
Be6 15. e5 Nd5 16. Be4 h6 17. Rac1 b6 18. a3 Rad8 19. f4 f5 20. exf6 Qxf6 21.
Nf3 Ne7 22. Ne5 Bf5 23. b4 axb4 24. axb4 Bxe4 25. Qxe4 Rd4 26. Qb7 Rxb4 27.
Qxc7 Ng6 28. Rcd1 Nxe5 29. Rxe5 Qg6 30. Rde1 Rbxf4 31. Re6 Rf1+ 32. Rxf1 Rxf1+
33. Kxf1 Qxe6 34. Qd8+ Kf7 35. Kg2 Qc6+ 36. Kh3 c4 0-1

[Event "XIe open de Saint-Chély d'Aubrac"]
[Site "Saint-Chely d'Aubrac"]
[Date "2011.07.09"]
[Round "1.4"]
[White "Grange, Emmanuel"]
[Black "Benmesbah, Natacha"]
[Result "0-1"]
[WhiteElo "1675"]
[BlackElo "2217"]
[PlyCount "56"]

1. e4 c5 2. c3 d5 3. exd5 Qxd5 4. d4 Nf6 5. Nf3 Bg4 6. Be2 e6 7. h3 Bh5 8. O-O
Be7 9. Be3 O-O 10. Nbd2 cxd4 11. Nxd4 Bxe2 12. Qxe2 Nc6 13. Rfd1 Nxd4 14. Bxd4
Rfd8 15. Nf3 Qf5 16. Rd3 Nd5 17. Be5 Nf4 18. Rxd8+ Rxd8 19. Qc4 Nxh3+ 20. Kf1
Ng5 21. Nxg5 Qxg5 22. Re1 h6 23. Qc7 Bf6 24. Bxf6 Qxf6 25. Qxb7 Rd2 26. Re2 Rd5
27. Qxa7 Qh4 28. Kg1 Rd1+ 0-1

[Event "XIe open de Saint-Chély d'Aubrac"]
[Site "Saint-Chely d'Aubrac"]
[Date "2011.07.09"]
[Round "1.5"]
[White "Van Hoolandt, Patrick"]
[Black "Goulesque, Camille"]
[Result "1-0"]
[WhiteElo "2166"]
[BlackElo "1660"]
[PlyCount "73"]

1. d4 Nf6 2. c4 g6 3. Nc3 Bg7 4. e4 d6 5. Nf3 O-O 6. Be3 Re8 7. h3 Nbd7 8. Be2
e5 9. d5 Nh5 10. g3 b6 11. Nd2 Nhf6 12. g4 Rf8 13. h4 Nc5 14. b4 Ncd7 15. Rb1
Bb7 16. c5 c6 17. dxc6 Bxc6 18. b5 d5 19. bxc6 d4 20. cxd7 bxc5 21. Bg5 dxc3
22. Nc4 h6 23. Bxf6 Bxf6 24. Rb3 Bxh4 25. Rxc3 Qe7 26. Qd6 Qg5 27. Qxe5 f5 28.
gxf5 Rab8 29. Qh2 Rb1+ 30. Bd1 Qh5 31. Rd3 Bxf2+ 32. Kxf2 Rxf5+ 33. exf5 Qxf5+
34. Ke3 Qg5+ 35. Qf4 Qe7+ 36. Qe5 Qg5+ 37. Qxg5 1-0

[Event "XIe open de Saint-Chély d'Aubrac"]
[Site "Saint-Chely d'Aubrac"]
[Date "2011.07.09"]
[Round "1.6"]
[White "Burri, Quentin"]
[Black "Muller, Anne"]
[Result "0-1"]
[WhiteElo "1657"]
[BlackElo "2140"]
[PlyCount "94"]

1. e4 c5 2. Nc3 Nc6 3. Bb5 Nd4 4. Bc4 e6 5. Nge2 a6 6. d3 b5 7. Bb3 Nxb3 8.
axb3 Bb7 9. Ng3 Nf6 10. O-O Be7 11. f4 O-O 12. Qe1 Qc7 13. e5 Nd5 14. Nxd5 Bxd5
15. f5 c4 16. bxc4 bxc4 17. d4 f6 18. fxe6 Bxe6 19. exf6 Bxf6 20. c3 Qc6 21.
Be3 Bd5 22. Qd2 Rab8 23. Bf4 Rb6 24. Nf5 Be4 25. Ne3 Bd3 26. Rf2 Qb7 27. Bg3
Be7 28. Rxf8+ Bxf8 29. Nd1 Qd5 30. Bc7 Rf6 31. Ne3 Qf7 32. Be5 Rb6 33. b4 Be7
34. Qf2 Bf6 35. Ra5 Bg5 36. Qxf7+ Kxf7 37. Kf2 Re6 38. g3 Bxe3+ 39. Kxe3 d6 40.
Rxa6 dxe5 41. Rxe6 Kxe6 42. dxe5 Kxe5 43. h4 Be4 44. g4 Bb7 45. b5 Ba8 46. b6
Bb7 47. g5 g6 0-1

[Event "XIe open de Saint-Chély d'Aubrac"]
[Site "Saint-Chely d'Aubrac"]
[Date "2011.07.09"]
[Round "1.7"]
[White "Lagunes, Jean-Renaud"]
[Black "Levy, Nicolas"]
[Result "1-0"]
[WhiteElo "2116"]
[BlackElo "1657"]
[PlyCount "29"]

1. e4 c5 2. Nf3 e6 3. b3 d5 4. exd5 exd5 5. Bb5+ Bd7 6. Bxd7+ Nxd7 7. O-O Bd6
8. d4 Ne7 9. Nc3 O-O 10. Bg5 f6 11. Qe2 Qc7 12. Qe6+ Kh8 13. Nb5 Qc6 14. Nxd6
Nc8 15. Bf4 1-0

[Event "XIe open de Saint-Chély d'Aubrac"]
[Site "Saint-Chely d'Aubrac"]
[Date "2011.07.09"]
[Round "1.8"]
[White "Manser, Lucas"]
[Black "Galloux, Maxime"]
[Result "0-1"]
[WhiteElo "1640"]
[BlackElo "2075"]
[PlyCount "72"]

1. e4 c5 2. Nf3 g6 3. d4 cxd4 4. Nxd4 Nc6 5. Nc3 Bg7 6. Be3 Nf6 7. Qd2 O-O 8.
O-O-O Ng4 9. Nxc6 bxc6 10. f3 Nxe3 11. Qxe3 Qa5 12. a3 Rb8 13. Bc4 d6 14. g4
Rb7 15. Bb3 Be6 16. Ne2 c5 17. e5 Bxe5 18. f4 Bg7 19. f5 Bxb3 20. cxb3 Qb5 21.
Kc2 c4 22. b4 Qa4+ 23. Kb1 a5 24. fxg6 hxg6 25. Qe4 Rc7 26. Rc1 Rfc8 27. Nc3
Qb3 28. Rc2 e6 29. Nb5 d5 30. Qf4 Rd7 31. Nd4 Qd3 32. Ne2 axb4 33. axb4 Ra7 34.
Nc3 Rca8 35. Kc1 Bxc3 36. Rxc3 Ra1# 0-1

[Event "XIe open de Saint-Chély d'Aubrac"]
[Site "Saint-Chely d'Aubrac"]
[Date "2011.07.09"]
[Round "1.9"]
[White "Messinger, Karl"]
[Black "Joyeux, Gerard"]
[Result "1-0"]
[WhiteElo "1988"]
[BlackElo "1633"]
[PlyCount "67"]

1. e4 c5 2. Nf3 a6 3. c3 e6 4. d4 d5 5. e5 Bd7 6. Bd3 Bb5 7. O-O Bxd3 8. Qxd3
Nc6 9. a3 c4 10. Qc2 Nge7 11. Nbd2 Nf5 12. b3 b5 13. a4 Be7 14. g4 Nh4 15. Nxh4
Bxh4 16. f4 Be7 17. f5 Qb6 18. Nf3 exf5 19. gxf5 f6 20. exf6 Bxf6 21. Qe2+ Ne7
22. Ba3 Ra7 23. Bc5 Qc7 24. Bxa7 Qxa7 25. axb5 O-O 26. bxc4 a5 27. Qe6+ Kh8 28.
cxd5 Nxf5 29. Ne5 Nxd4 30. b6 Nxe6 31. bxa7 Nc7 32. Nd7 Rf7 33. Nxf6 gxf6 34.
Rxa5 1-0

[Event "XIe open de Saint-Chély d'Aubrac"]
[Site "Saint-Chely d'Aubrac"]
[Date "2011.07.09"]
[Round "1.10"]
[White "Kirchhoff, Matthieu"]
[Black "Carno, Matthias"]
[Result "0-1"]
[WhiteElo "1598"]
[BlackElo "1921"]
[PlyCount "48"]

1. d4 d5 2. Nf3 Bf5 3. Bf4 e6 4. e3 c5 5. c3 Nc6 6. Bd3 Bxd3 7. Qxd3 c4 8. Qc2
b5 9. Nbd2 Nf6 10. Ne5 Nxe5 11. Bxe5 a5 12. b3 Bd6 13. Nf3 Rc8 14. O-O Bxe5 15.
Nxe5 Ne4 16. f3 cxb3 17. Qxb3 Nxc3 18. Kf2 O-O 19. a3 Qe7 20. Nd3 Rc4 21. g3
Qa7 22. Nc5 Rb8 23. Rfc1 b4 24. a4 e5 0-1

[Event "XIe open de Saint-Chély d'Aubrac"]
[Site "Saint-Chely d'Aubrac"]
[Date "2011.07.09"]
[Round "1.11"]
[White "Biaux, Alain"]
[Black "Barnicol, Georges"]
[Result "1-0"]
[WhiteElo "1909"]
[BlackElo "1580"]
[PlyCount "55"]

1. d4 Nf6 2. c4 g6 3. Nc3 Bg7 4. e4 d6 5. Be2 O-O 6. Nf3 Nbd7 7. O-O Re8 8. e5
Ng4 9. e6 fxe6 10. Ng5 Ngf6 11. Nxe6 Nf8 12. Nxd8 Rxd8 13. Be3 Bf5 14. g4 Bd7
15. g5 Ne8 16. Bg4 Bxg4 17. Qxg4 Kh8 18. h4 a6 19. f4 e6 20. Rad1 c6 21. d5
cxd5 22. cxd5 e5 23. f5 Kg8 24. f6 Bh8 25. f7+ Kg7 26. h5 gxh5 27. Qxh5 Ng6 28.
Qh6# 1-0

[Event "XIe open de Saint-Chély d'Aubrac"]
[Site "Saint-Chely d'Aubrac"]
[Date "2011.07.09"]
[Round "1.12"]
[White "Costa, Matthieu"]
[Black "Huin, Eric"]
[Result "1/2-1/2"]
[WhiteElo "1566"]
[BlackElo "1869"]
[PlyCount "112"]

1. e4 e5 2. Nf3 Nc6 3. Bb5 a6 4. Bxc6 dxc6 5. h3 Nf6 6. Nc3 Bb4 7. d3 Qd6 8.
O-O O-O 9. Bd2 Be6 10. Qe2 Nd7 11. a3 Bc5 12. Be3 f5 13. Ng5 f4 14. Bxc5 Nxc5
15. b4 Nd7 16. Nxe6 Qxe6 17. Qf3 Rf6 18. Ne2 Raf8 19. Rfc1 g5 20. d4 Rg6 21.
Qb3 Qxb3 22. cxb3 f3 23. Ng3 exd4 24. Nf5 Re6 25. Nxd4 Rxe4 26. Nxf3 g4 27.
hxg4 Rxg4 28. Kf1 Nb6 29. Rd1 Nd5 30. Rd4 Rxd4 31. Nxd4 Rf4 32. Ne6 Rf6 33. Nc5
Nc3 34. Nxb7 Ne4 35. Ra2 Nc3 36. Rd2 Ne4 37. Rc2 Ng3+ 38. Kg1 Nf5 39. Nc5 Nd4
40. Rd2 Rd6 41. Kf1 Nb5 42. Rxd6 cxd6 43. Nxa6 Nxa3 44. Nb8 c5 45. bxc5 dxc5
46. Nd7 c4 47. bxc4 Nxc4 48. Ke2 Kf7 49. f4 Ke6 50. Nf8+ Kf5 51. Nxh7 Kxf4 52.
Kf2 Ne5 53. g3+ Kf5 54. Kg2 Kg6 55. Nf8+ Kf7 56. Nh7 Kg6 1/2-1/2

[Event "XIe open de Saint-Chély d'Aubrac"]
[Site "Saint-Chely d'Aubrac"]
[Date "2011.07.09"]
[Round "1.13"]
[White "Lagunes, Robin"]
[Black "Hug, Roxana"]
[Result "1-0"]
[WhiteElo "1835"]
[BlackElo "1530"]
[PlyCount "119"]

1. e4 c5 2. Nf3 Nc6 3. d4 cxd4 4. Nxd4 e5 5. Nxc6 bxc6 6. Nc3 Nf6 7. Bg5 Bb4 8.
Qf3 h6 9. Bh4 d6 10. Bxf6 Qxf6 11. Qxf6 gxf6 12. Kd2 Ke7 13. Bc4 Rg8 14. g3 Bg4
15. a3 Bxc3+ 16. Kxc3 Rab8 17. Rhe1 f5 18. f4 fxe4 19. Rxe4 Bf5 20. Re3 e4 21.
h3 d5 22. Bb3 h5 23. Rh1 Rg7 24. Kd4 Kd6 25. Rc3 Rbg8 26. Ba4 Bd7 27. Rc5 Rxg3
28. Rd1 Rxh3 29. c4 Rd3+ 30. Rxd3 exd3 31. cxd5 Rc8 32. dxc6 Bxc6 33. Bxc6 Rxc6
34. Rxh5 d2 35. Rd5+ Ke6 36. f5+ Kf6 37. Ke3 d1=Q 38. Rxd1 Kxf5 39. Rd7 Ke6 40.
Rxa7 Rd6 41. b4 f5 42. Ra5 Kf6 43. Kf4 Ke6 44. Rxf5 Ra6 45. Re5+ Kd6 46. Re3
Kd5 47. Kf5 Kd4 48. Rg3 Kc4 49. Ke5 Kb5 50. Rc3 Kb6 51. Kd6 Ra4 52. Rc6+ Kb5
53. Rc3 Kb6 54. Kd5 Kb5 55. Kd4 Kb6 56. Kc4 Ra8 57. Kb3 Kb7 58. b5 Kb6 59. Kb4
Kb7 60. a4 1-0

[Event "XIe open de Saint-Chély d'Aubrac"]
[Site "Saint-Chely d'Aubrac"]
[Date "2011.07.09"]
[Round "1.14"]
[White "Souttre, Matthieu"]
[Black "Schmitt, Claude"]
[Result "0-1"]
[WhiteElo "1490"]
[BlackElo "1831"]
[PlyCount "116"]

1. d4 Nf6 2. c4 c5 3. d5 b5 4. Qc2 d6 5. e4 bxc4 6. Bxc4 g6 7. Nf3 Bg7 8. O-O
O-O 9. Bg5 Ba6 10. Bxa6 Nxa6 11. a3 Rb8 12. Nbd2 Nd7 13. Rab1 h6 14. Bf4 Nc7
15. Rfe1 Nb6 16. h3 Qd7 17. b3 Nb5 18. Qc1 Nc3 19. Bxh6 Nxb1 20. Nxb1 Qb5 21.
Bxg7 Kxg7 22. Qc3+ f6 23. Ng5 Rh8 24. Ne6+ Kf7 25. a4 Qd7 26. Nd2 Qb7 27. f4
Nd7 28. Kh2 Qb4 29. Qxb4 Rxb4 30. g4 Rhb8 31. Re3 R4b7 32. Kg3 Nf8 33. Nxf8
Kxf8 34. f5 g5 35. h4 gxh4+ 36. Kxh4 Kf7 37. Kg3 Rb4 38. Rd3 Kg7 39. Kg2 Kf7
40. Kf2 Rg8 41. Kg3 Rg7 42. Nc4 Rb8 43. Ne3 Rh7 44. Nd1 Rh1 45. Kg2 Rbh8 46.
Ne3 R1h2+ 47. Kf1 Ra2 48. Kg1 Rh3 49. Rc3 Rd2 50. a5 Ra2 51. a6 Rxa6 52. Kg2
Rh8 53. Rc2 Ra3 54. Rb2 Rb8 55. Kf3 Rbxb3 56. Rxb3 Rxb3 57. Ke2 Rxe3+ 58. Kxe3
Kg7 0-1

[Event "XIe open de Saint-Chély d'Aubrac"]
[Site "Saint-Chely d'Aubrac"]
[Date "2011.07.09"]
[Round "1.15"]
[White "De Leeuw, Johannes"]
[Black "Guerry, Emilien"]
[Result "1-0"]
[WhiteElo "1827"]
[BlackElo "1471"]
[PlyCount "97"]

1. e4 c5 2. Nf3 e6 3. c3 Nf6 4. e5 Nd5 5. Bc4 Nb6 6. Bb3 d5 7. d4 Bd7 8. O-O
cxd4 9. cxd4 Bb4 10. Nc3 Bxc3 11. bxc3 Bb5 12. Re1 N8d7 13. a4 Ba6 14. Ng5 h6
15. Nh3 Qh4 16. Nf4 O-O 17. g3 Qd8 18. Qg4 Qg5 19. Qd1 Qd8 20. Nh5 f5 21. exf6
Nxf6 22. Rxe6 Qd7 23. Nxf6+ Rxf6 24. Rxf6 gxf6 25. Bxh6 Qh3 26. Bf4 Kf7 27. Qf3
Rh8 28. Bxd5+ Nxd5 29. Qxd5+ Kg6 30. Qe4+ Kf7 31. Qg2 Qc8 32. Bd2 Bc4 33. Re1
a5 34. h4 Bb3 35. Qe4 Bxa4 36. Qd5+ Kg6 37. Re7 Bc6 38. Qf7+ Kf5 39. Re5+ Kg4
40. Qg6+ Kh3 41. Rxa5 Qe6 42. Qf5+ Qxf5 43. Rxf5 Ra8 44. Kf1 Kg4 45. Rf4+ Kh3
46. c4 Re8 47. d5 Ba4 48. h5 Bd1 49. Rh4# 1-0

[Event "XIe open de Saint-Chély d'Aubrac"]
[Site "Saint-Chely d'Aubrac"]
[Date "2011.07.09"]
[Round "1.16"]
[White "Meyer, Bernard"]
[Black "Devoille, Hugo"]
[Result "0-1"]
[WhiteElo "1464"]
[BlackElo "1786"]
[PlyCount "54"]

1. e4 c5 2. Nf3 e6 3. d4 cxd4 4. Nxd4 Nc6 5. Nc3 Qc7 6. Be3 a6 7. Qd2 Nf6 8.
Be2 Bb4 9. Nf3 Nxe4 10. Qd3 Nxc3 11. bxc3 Ne5 12. Nxe5 Qxc3+ 13. Qxc3 Bxc3+ 14.
Bd2 Bxa1 15. Nd3 Bf6 16. Bb4 Be7 17. Bc3 O-O 18. O-O b5 19. Bf3 d5 20. Ne5 Bb7
21. Ba5 Rac8 22. c3 Bc6 23. Re1 Bf6 24. Ng4 Bg5 25. h3 Be8 26. Rd1 Rc4 27. Ne5
Ra4 0-1

[Event "XIe open de Saint-Chély d'Aubrac"]
[Site "Saint-Chely d'Aubrac"]
[Date "2011.07.09"]
[Round "1.17"]
[White "Hug, Timothee"]
[Black "Pierron, Baptiste"]
[Result "1-0"]
[WhiteElo "1786"]
[BlackElo "1430"]
[PlyCount "109"]

1. e4 c6 2. d4 d5 3. exd5 cxd5 4. c4 Nc6 5. Be3 dxc4 6. Bxc4 e6 7. Nf3 Bb4+ 8.
Nc3 Nf6 9. O-O O-O 10. Bg5 h6 11. Bh4 Re8 12. Ne4 Be7 13. Re1 Nxe4 14. Bxe7
Qxe7 15. Rxe4 Rd8 16. Qe2 Qf6 17. Rd1 b6 18. d5 exd5 19. Re8+ Rxe8 20. Qxe8+
Kh7 21. Bxd5 Bb7 22. Qe4+ Kg8 23. b4 Rd8 24. Rc1 Qb2 25. Rb1 Qf6 26. b5 Rxd5
27. Qxd5 Ne5 28. Qd3 Bxf3 29. Qxf3 Qxf3 30. gxf3 Nc4 31. Rc1 Nd6 32. a4 Kf8 33.
Rc7 Ke8 34. Rxa7 Kd8 35. a5 Nc8 36. Rxf7 bxa5 37. Rxg7 a4 38. Rg4 a3 39. Ra4
Nb6 40. Rxa3 Nc4 41. Ra6 Kc7 42. Rxh6 Kb7 43. h4 Ne5 44. Kg2 Nf7 45. Rh7 Kb6
46. Rxf7 Kxb5 47. h5 Kc5 48. h6 Kd5 49. h7 Ke6 50. Rg7 Kf5 51. h8=Q Ke6 52.
Qe8+ Kf6 53. Rf7+ Kg6 54. Qg8+ Kh5 55. Rh7# 1-0

[Event "XIe open de Saint-Chély d'Aubrac"]
[Site "Saint-Chely d'Aubrac"]
[Date "2011.07.09"]
[Round "1.18"]
[White "Neff, Thomas"]
[Black "Griggio, Jean-Paul"]
[Result "0-1"]
[WhiteElo "1424"]
[BlackElo "1784"]
[PlyCount "66"]

1. c4 f5 2. Nc3 Nf6 3. g3 c6 4. d4 d6 5. Bg2 g6 6. Nf3 Bg7 7. e3 O-O 8. O-O h6
9. b4 Nbd7 10. a4 Qe8 11. c5 d5 12. b5 Ne4 13. Qb3 Nxc3 14. Qxc3 e5 15. bxc6
bxc6 16. Rb1 e4 17. Nd2 g5 18. Qa5 Nf6 19. Qc7 Rf7 20. Qa5 f4 21. Ba3 f3 22.
Bh1 h5 23. Rfc1 h4 24. Nf1 Qd7 25. Rb2 Qh3 26. Rcb1 hxg3 27. fxg3 Rf8 28. Qc7
Ng4 29. Qxc6 f2+ 30. Rxf2 Rxf2 31. Qxd5+ Kh8 32. Qxa8 Rxf1+ 33. Rxf1 Qxh2# 0-1

[Event "XIe open de Saint-Chély d'Aubrac"]
[Site "Saint-Chely d'Aubrac"]
[Date "2011.07.09"]
[Round "1.19"]
[White "Herrero, Alain"]
[Black "Taravel, Arno"]
[Result "1-0"]
[WhiteElo "1774"]
[BlackElo "1410"]
[PlyCount "141"]

1. d4 e6 2. c4 d5 3. Nc3 Bb4 4. Nf3 Nc6 5. a3 Bxc3+ 6. bxc3 Nf6 7. Bg5 h6 8.
Bh4 g5 9. Bg3 Ne4 10. Qc2 Na5 11. cxd5 exd5 12. e3 g4 13. Bh4 Ng5 14. Nd2 Nc4
15. Bxg5 Qxg5 16. Nxc4 dxc4 17. Bxc4 b5 18. Bd3 Bb7 19. Be4 c6 20. a4 O-O 21.
axb5 Qxb5 22. Rb1 Qa6 23. Bd3 Qa3 24. Rxb7 Rab8 25. Rxb8 Rxb8 26. O-O Rb2 27.
Qc1 h5 28. e4 Qb3 29. e5 h4 30. Qg5+ Kf8 31. Qh6+ Ke8 32. Qh8+ Kd7 33. Bf5+ Kc7
34. Qxh4 Qxc3 35. Qe7+ Kb6 36. Qc5+ Qxc5 37. dxc5+ Kxc5 38. Bxg4 a5 39. h3 a4
40. Ra1 Kb4 41. Bd7 a3 42. Bxc6 Re2 43. Bd5 Rxe5 44. Bxf7 Ra5 45. g3 Kc3 46. h4
Kb2 47. Re1 Ra7 48. Re2+ Kc3 49. Ba2 Kd3 50. Kf1 Kc3 51. Ke1 Rc7 52. g4 Rg7 53.
Be6 Rb7 54. f4 Kd3 55. Kf2 Kd4 56. h5 Rb1 57. Ra2 Rb6 58. Rxa3 Rxe6 59. Kf3 Kd5
60. Re3 Rh6 61. Kg3 Kd4 62. Re5 Rf6 63. g5 Rf8 64. h6 Rh8 65. Kg4 Rh7 66. g6
Rxh6 67. g7 Rh1 68. Kg5 Rg1+ 69. Kf6 Rg4 70. Rg5 Rxf4+ 71. Kg6 1-0

[Event "XIe open de Saint-Chély d'Aubrac"]
[Site "Saint-Chely d'Aubrac"]
[Date "2011.07.09"]
[Round "1.20"]
[White "Grange, Gary"]
[Black "Grange, Romain"]
[Result "0-1"]
[WhiteElo "1261"]
[BlackElo "1721"]
[PlyCount "44"]

1. d4 d5 2. c4 e6 3. Nc3 Nf6 4. Bg5 Nbd7 5. e3 Be7 6. Nf3 c6 7. a3 h6 8. Bf4
O-O 9. c5 Re8 10. Bd3 Bxc5 11. dxc5 e5 12. Bxe5 Nxe5 13. Nxe5 Rxe5 14. Ne2 Qe7
15. Nd4 Qxc5 16. O-O Bg4 17. f3 Rxe3 18. fxg4 Nxg4 19. Bh7+ Kxh7 20. Qxg4 Re4
21. Rf4 Qxd4+ 22. Kf1 Rxf4+ 0-1

[Event "XIe open de Saint-Chély d'Aubrac"]
[Site "Saint-Chely d'Aubrac"]
[Date "2011.07.10"]
[Round "2.1"]
[White "Carno, Matthias"]
[Black "Cornette, Matthieu"]
[Result "0-1"]
[WhiteElo "1921"]
[BlackElo "2568"]
[PlyCount "36"]
[EventDate "2011.??.??"]

1. e4 d5 2. exd5 Qxd5 3. Nc3 Qa5 4. d4 Nf6 5. Nf3 Bf5 6. Bd3 Nc6 7. Bxf5 Qxf5
8. Be3 O-O-O 9. Qe2 e6 10. a3 g5 11. O-O-O g4 12. Nh4 Qa5 13. Qb5 Qxb5 14. Nxb5
Nd5 15. c4 Nxe3 16. fxe3 Bh6 17. b3 Bxe3+ 18. Kc2 Bg5 0-1

[Event "XIe open de Saint-Chély d'Aubrac"]
[Site "Saint-Chely d'Aubrac"]
[Date "2011.07.10"]
[Round "2.2"]
[White "Riff, Jean-Noel"]
[Black "Biaux, Alain"]
[Result "1/2-1/2"]
[WhiteElo "2493"]
[BlackElo "1909"]
[PlyCount "92"]
[EventDate "2011.??.??"]

1. e4 e6 2. d3 d5 3. Qe2 Nf6 4. Nf3 Be7 5. g3 c5 6. Bg2 Nc6 7. O-O O-O 8. e5
Nd7 9. c4 dxc4 10. dxc4 Nd4 11. Nxd4 cxd4 12. h4 Qb6 13. Nd2 d3 14. Qe4 Nc5 15.
Qe3 Rd8 16. b3 a5 17. Bb2 Bd7 18. Ne4 Bc6 19. Rfd1 a4 20. Bd4 Bxe4 21. Bxe4
axb3 22. Rab1 Rxa2 23. Rxd3 Qa5 24. Rdd1 Nxe4 25. Qxe4 Qc7 26. Rxb3 Qxc4 27.
Rxb7 f5 28. Qe3 Bf8 29. Rbb1 Raa8 30. Rbc1 Qa4 31. Rd2 Rdc8 32. Rcd1 Qc6 33. h5
Qe8 34. Qf3 Be7 35. Be3 Rd8 36. h6 g5 37. Rxd8 Rxd8 38. Rxd8 Bxd8 39. Bc5 Qd7
40. Bd6 g4 41. Qa8 Kf7 42. f3 Kg6 43. fxg4 fxg4 44. Qe4+ Kh5 45. Qh1+ Kg6 46.
Qe4+ Kh5 1/2-1/2

[Event "XIe open de Saint-Chély d'Aubrac"]
[Site "Saint-Chely d'Aubrac"]
[Date "2011.07.10"]
[Round "2.3"]
[White "Schmitt, Claude"]
[Black "Guichard, Pauline"]
[Result "0-1"]
[WhiteElo "1831"]
[BlackElo "2305"]
[PlyCount "112"]
[EventDate "2011.??.??"]

1. c4 e5 2. Nc3 Bb4 3. Nd5 Be7 4. g3 d6 5. Bg2 c6 6. Nxe7 Nxe7 7. d4 O-O 8.
dxe5 dxe5 9. Qxd8 Rxd8 10. Nf3 f6 11. O-O Be6 12. b3 a5 13. Ba3 Kf7 14. Rfd1
Rxd1+ 15. Rxd1 a4 16. Bd6 Nd7 17. Nd2 axb3 18. axb3 Nf5 19. Bb4 Ra2 20. e3 g5
21. Be4 h5 22. Bb1 Ra6 23. Bc2 Ra2 24. Bb1 Ra8 25. Bc2 c5 26. Bc3 Ke7 27. Ra1
Rxa1+ 28. Bxa1 Nd6 29. Kf1 f5 30. f4 gxf4 31. exf4 e4 32. Bd1 Bf7 33. Kf2 b5
34. Be2 bxc4 35. bxc4 Nb6 36. h3 Kd7 37. g4 hxg4 38. hxg4 fxg4 39. Bxg4+ Kc6
40. Be2 Nbxc4 41. Nxc4 Bxc4 42. Bg4 Bf7 43. Bh8 Kd5 44. Bb2 Be6 45. Be2 Nf5 46.
Ba6 Bd7 47. Bb7+ Bc6 48. Bc8 Nd6 49. Bg4 e3+ 50. Ke1 Ke4 51. Be5 Nc4 52. Bb8
Nb2 53. Be2 c4 54. Be5 Nd3+ 55. Kf1 Nxe5 56. fxe5 c3 0-1

[Event "XIe open de Saint-Chély d'Aubrac"]
[Site "Saint-Chely d'Aubrac"]
[Date "2011.07.10"]
[Round "2.4"]
[White "Benmesbah, Natacha"]
[Black "Lagunes, Robin"]
[Result "1-0"]
[WhiteElo "2217"]
[BlackElo "1835"]
[PlyCount "65"]
[EventDate "2011.??.??"]

1. e4 d6 2. d4 Nf6 3. Nc3 g6 4. Be3 c6 5. h3 Nbd7 6. f4 b5 7. a3 Qa5 8. Bd3 e5
9. Nf3 Bh6 10. Qd2 exf4 11. Bxf4 Bxf4 12. Qxf4 b4 13. Nd1 b3+ 14. c3 Ba6 15.
Nf2 Bxd3 16. Nxd3 Qa6 17. Rd1 c5 18. O-O O-O-O 19. e5 dxe5 20. Nfxe5 Nxe5 21.
Nxe5 Nd5 22. Qg3 Qe2 23. Qf2 Qe3 24. Rd3 Qxf2+ 25. Rxf2 Rde8 26. Rxf7 cxd4 27.
cxd4 Rhf8 28. Rxa7 Kb8 29. Nc6+ Kc8 30. Rxb3 Nc7 31. Rbb7 Re1+ 32. Kh2 Rf7 33.
Rb8+ 1-0

[Event "XIe open de Saint-Chély d'Aubrac"]
[Site "Saint-Chely d'Aubrac"]
[Date "2011.07.10"]
[Round "2.5"]
[White "Devoille, Hugo"]
[Black "Van Hoolandt, Patrick"]
[Result "0-1"]
[WhiteElo "1786"]
[BlackElo "2166"]
[PlyCount "110"]
[EventDate "2011.??.??"]

1. e4 e5 2. Nf3 Nc6 3. Bb5 Nf6 4. O-O Nxe4 5. Re1 Nd6 6. Nxe5 Be7 7. Bf1 Nxe5
8. Rxe5 O-O 9. d4 Bf6 10. Re1 Nf5 11. c3 d5 12. Nd2 Nh4 13. Bd3 Bf5 14. Bxf5
Nxf5 15. Nf3 Re8 16. Rxe8+ Qxe8 17. Bf4 c6 18. Qd3 Qd7 19. Re1 Ne7 20. Ne5 Bxe5
21. Bxe5 Re8 22. Bf4 Ng6 23. Rxe8+ Qxe8 24. Qe3 Qd7 25. Bg3 h6 26. h3 a6 27. a3
f6 28. f3 Kf7 29. Kf2 h5 30. Bh2 h4 31. Kg1 Qf5 32. Qe2 Qb1+ 33. Kf2 Nf8 34.
Qd2 Ne6 35. Bd6 Kg6 36. Bb8 Kf5 37. Bd6 Kg6 38. Bb8 Qf5 39. Bd6 Ng5 40. Kg1 Ne6
41. Kf2 Kf7 42. Bb8 Ng5 43. Kg1 Qxf3 44. gxf3 Nxf3+ 45. Kf2 Nxd2 46. Bf4 Ne4+
47. Kf3 g5 48. Be3 f5 49. Bc1 Kg6 50. Be3 Kh5 51. Bc1 g4+ 52. Kg2 Ng5 53. hxg4+
fxg4 54. Bf4 g3 55. Bc1 Kg4 0-1

[Event "XIe open de Saint-Chély d'Aubrac"]
[Site "Saint-Chely d'Aubrac"]
[Date "2011.07.10"]
[Round "2.6"]
[White "Muller, Anne"]
[Black "De Leeuw, Johannes"]
[Result "1-0"]
[WhiteElo "2140"]
[BlackElo "1827"]
[PlyCount "105"]
[EventDate "2011.??.??"]

1. e4 e5 2. Nf3 Nc6 3. Bb5 d6 4. d4 Bd7 5. Nc3 Nf6 6. O-O Be7 7. Re1 O-O 8.
Bxc6 Bxc6 9. dxe5 dxe5 10. Qxd8 Rfxd8 11. Nxe5 Bxe4 12. Nxe4 Nxe4 13. Nd3 f5
14. f3 Bc5+ 15. Kf1 Rxd3 16. cxd3 Nf6 17. Bg5 Kf7 18. Re5 Bd6 19. Rxf5 Kg6 20.
g4 Bxh2 21. Re1 Bd6 22. Bf4 Bxf4 23. Rxf4 Rd8 24. Re7 Rxd3 25. Ke2 Rd6 26. Rc4
Nd5 27. Re5 c6 28. Rce4 Kf6 29. Re8 Kf7 30. Rb8 Rd7 31. Kf2 h6 32. Kg3 a6 33.
Rd4 Re7 34. Rd3 Rc7 35. Rb3 b5 36. Ra8 Ke6 37. Rxa6 Kd7 38. Rba3 Kd6 39. Ra7 g5
40. Rxc7 Nxc7 41. Rd3+ Nd5 42. Rd1 Ke5 43. Rh1 Nb4 44. Rxh6 c5 45. Rg6 Nxa2 46.
Rxg5+ Kd4 47. Rh5 Nb4 48. g5 Nd3 49. g6 Nxb2 50. g7 b4 51. g8=Q Nd3 52. Qd5+
Kc3 53. Rh4 1-0

[Event "XIe open de Saint-Chély d'Aubrac"]
[Site "Saint-Chely d'Aubrac"]
[Date "2011.07.10"]
[Round "2.7"]
[White "Griggio, Jean-Paul"]
[Black "Lagunes, Jean-Renaud"]
[Result "1/2-1/2"]
[WhiteElo "1784"]
[BlackElo "2116"]
[PlyCount "89"]
[EventDate "2011.??.??"]

1. e4 d6 2. d4 Nf6 3. Nc3 g6 4. f3 c6 5. Be3 b5 6. Qd2 Nbd7 7. Nge2 Qc7 8. Ng3
h5 9. h4 a6 10. Kf2 Bb7 11. Bd3 Bg7 12. Nce2 Nb6 13. Qa5 Rc8 14. b3 Nfd7 15.
Rac1 e5 16. c4 bxc4 17. bxc4 c5 18. dxc5 dxc5 19. Nc3 O-O 20. Be2 Bf6 21. Nf1
Bd8 22. Nd2 Qd6 23. Qa3 Nb8 24. Nb3 Be7 25. Qb2 f5 26. Rcd1 Qe6 27. exf5 gxf5
28. Na5 Ba8 29. Bg5 Rf7 30. Bxe7 Rxe7 31. Nd5 Nxd5 32. cxd5 Qg6 33. d6 Rg7 34.
Qxe5 Re8 35. Bc4+ Kh8 36. Qh2 f4 37. Rhe1 Rxe1 38. Rxe1 Qxd6 39. Qh3 Qd4+ 40.
Kf1 Bd5 41. Re8+ Bg8 42. Qc8 Qd1+ 43. Re1 Qd2 44. Re2 Qd1+ 45. Re1 1/2-1/2